000 01101cam a2200325 4500
999 _c3844
_d3844
001 349995
003 OSt
005 20241111132215.0
008 221003r20092008cau c 000 1 eng d
020 _a9781423101499 :
_q(pbk.) :
040 _aNKUHT
_beng
_ctw-NKUHT
_eDDC
_dKH8
042 _anbic
082 _aFIC RIO
100 1 _aRiordan, Rick,
_eaut.
245 1 4 _aThe battle of the Labyrinth /
_cRick Riordan.
250 _a1st Disney Hyperion pbk. ed.
260 _aLos Angeles :
_bDisney Hyperion,
_c2009, c2008.
300 _a361 p. ;
_c20 cm.
490 1 _aPercy Jackson and the Olympians ;
_v4.
500 _aOriginally published: 2008.
500 _aIncludes excerpts from The last Olympian and The red pyramid.
650 0 _aMythology, Greek
_vJuvenile fiction.
650 0 _aLabyrinths
_vJuvenile fiction.
650 0 _aCamps
_vJuvenile fiction.
650 0 _aMonsters
_vJuvenile fiction.
650 0 _aAnimals, Mythical
_vJuvenile fiction.
650 0 _aTitans (Mythology)
_vJuvenile fiction.
800 1 _aRiordan, Rick.
_tPercy Jackson & the Olympians ;
_v4.
942 _2ddc
_cFIC